| 000 -LEADER |
| fixed length control field |
00852nam a22001457a 4500 |
| 008 - FIXED-LENGTH DATA ELEMENTS--GENERAL INFORMATION |
| fixed length control field |
240903b ||||| |||| 00| 0 eng d |
| 100 ## - MAIN ENTRY--PERSONAL NAME |
| Personal name |
Lodha, JS. Bafna, P and Samar, R. |
| 245 ## - TITLE STATEMENT |
| Title |
Senior citizens and social security laws |
| 260 ## - PUBLICATION, DISTRIBUTION, ETC. (IMPRINT) |
| Place of publication, distribution, etc |
Madhya Pradesh Journal of Social Sciences |
| 300 ## - PHYSICAL DESCRIPTION |
| Extent |
27(1), Jun, 2022: p.1-12 |
| 520 ## - SUMMARY, ETC. |
| Summary, etc |
The social security laws for senior citizens are numerous and they have changed the dimension of the social security provided to senior citizens. This article begins with the problems encountered by senior citizens in the current time and states about constitutional framework laying out social security of senior citizens and highlights the provision of various acts relating to the same. – Reproduced |
| 773 ## - HOST ITEM ENTRY |
| Main entry heading |
Madhya Pradesh Journal of Social Sciences |
| 906 ## - LOCAL DATA ELEMENT F, LDF (RLIN) |
| Subject DIP |
AGED |
| 942 ## - ADDED ENTRY ELEMENTS (KOHA) |
| Item type |
Articles |